00624cam a2200205 a 450000100100000000500170001000800410002704000250006808200230009310000330011624500380014925000120018726000330019930000210023249000410025358600340029465000220032865000260035083000420037600000121620200929145517.0790308s1968 sp 000 f spa c aDO-SdBNPcNSbSUdDLC a863.6bR763p, 19681 aRomero, Emilio.d[1917-2003]13aLa paz empieza nunca :bnovela /. a13a ed. aBarcelona :bPlaneta,c1968. a411 p. ;c20 cm.1 aAutores españoles contemporáneos aPremio editorial planeta 1957 4aNovela española 4aLiteratura española 0aAutores españoles contemporáneos.